|
|
|
|
| LEADER |
00795nam a22002532a 4500 |
| 001 |
001410880 |
| 003 |
CZ BrMZK |
| 005 |
20141008120655.0 |
| 007 |
ta |
| 008 |
140812s1959 xr er|||||||||||cze d |
| 015 |
|
|
|a cnb000684117
|
| 035 |
|
|
|a (OCoLC)85461447
|
| 040 |
|
|
|a BOD010
|b cze
|d BOA001
|
| 245 |
0 |
0 |
|a Kárné stíhání, rozkrádání a poškozování majetku v socialistickém vlastnictví /
|c vypracoval Rudolf Holub ... [et al.]
|
| 250 |
|
|
|a 1. vyd.
|
| 260 |
|
|
|a Praha :
|b Orbis,
|c 1959
|
| 300 |
|
|
|a 86 s.
|
| 490 |
1 |
|
|a Právnické edice
|
| 700 |
1 |
|
|a Holub, Rudolf
|7 xx0084813
|4 edt
|
| 830 |
|
0 |
|a Právnické edice
|0 s
|
| 910 |
|
|
|a BOA001
|b 2-0425.457
|
| 990 |
|
|
|a BK
|
| 991 |
|
|
|b 201408
|
| 996 |
6 |
|
|b 2619108681
|c 2-0425.457
|l MZK
|r Sklad / do 24 hodin
|n 0
|w 001446009
|u 000010
|a 1
|e BOA001
|j MZK50
|s P
|